000 00627nam a2200229Ia 4500
003 OSt
005 20220928135653.0
006 a|||||r|||| 00| 0
007 ta
008 220927b |||||||| |||| 00| 0 eng d
024 _a4518
037 _cTextual
040 _aSDCL
_cSDCL
_beng
041 _2eng
_aeng
082 _aX:54.17'N7, L8
100 _aCrawford John Ed.
_9492577
245 0 _aRaw materials and Pacific economic integration
260 _c1978
700 _a Okita Saburo Ed.
_9492578
942 _hX:54.17'N7, L8
_cTEXL
_2CC
999 _c808197
_d808197